[Event "St Petersburg Korchnoi Memorial op"]
[Site "St Petersburg"]
[Date "2018.08.16"]
[Round "2"]
[White "Lazarev, Artem"]
[Black "Kamnev, Alexander"]
[Result "0-1"]
[WhiteElo "1659"]
[BlackElo "2004"]
[PlyCount "78"]
[EventDate "2018.08.15"]
[EventType "swiss"]
[EventRounds "9"]
[EventCountry "RUS"]
[SourceTitle "CBM 186 Extra"]
[Source "ChessBase"]
[SourceDate "2018.08.24"]
[SourceVersion "1"]
[SourceVersionDate "2018.08.24"]
[SourceQuality "1"]

1. e4 c5 2. Nc3 Nc6 3. g3 g6 4. Bg2 Bg7 5. f4 e6 6. Nf3 Nge7 7. 0-0 0-0 8. d3 b6 9. e5 d6 10. Ne4 d5 11. Nf6+ Kh8 12. g4 Bb7 13. a3 Qc7 14. Qe1 Ng8 15. Nxh7 Kxh7 16. Qh4+ Nh6 17. g5 Ne7 18. gxh6 Bxh6 19. Ng5+ Kg7 20. f5 Nxf5 21. Rxf5 exf5 22. Qxh6+ Kxh6 23. Ne6+ g5 24. Nxc7 Rac8 25. Nxd5 Bxd5 26. Bxd5 Rce8 27. h4 f4 28. Kf2 Rxe5 29. hxg5+ Kxg5 30. c4 Rh8 31. Bxf7 Rh2+ 32. Kf3 Rh3+ 33. Kf2 Kg4 34. Bd5 Rh2+ 35. Kg1 Ree2 36. b4 f3 37. Be6+ Kg3 38. Bg5 Reg2+ 39. Kf1 Rh1# 0-1

[Event "Chigorin Memorial 25th"]
[Site "St Petersburg"]
[Date "2017.10.26"]
[Round "6"]
[White "Kamnev, Alexander"]
[Black "Lesovoi, Evgenij"]
[Result "0-1"]
[WhiteElo "2132"]
[BlackElo "2351"]
[PlyCount "94"]
[EventDate "2017.10.21"]
[EventType "swiss"]
[EventRounds "9"]
[EventCountry "RUS"]
[SourceTitle "CBM 181 Extra"]
[Source "ChessBase"]
[SourceDate "2017.12.12"]
[SourceVersion "1"]
[SourceVersionDate "2017.12.12"]
[SourceQuality "1"]

1. e4 e5 2. Nf3 d6 3. Bc4 Be7 4. 0-0 Nf6 5. d3 0-0 6. c3 a6 7. a4 Nc6 8. Re1 Bg4 9. h3 Bh5 10. Nbd2 Na5 11. Ba2 c5 12. Nf1 b5 13. Ng3 Bg6 14. Bg5 Rb8 15. Bxf6 Bxf6 16. Bd5 b4 17. Qc2 Qd7 18. Nd2 Rfc8 19. Nc4 Nc6 20. Bxc6 Qxc6 21. Ne3 Bd8 22. Ngf1 f6 23. Nd2 Bf7 24. c4 Qd7 25. b3 g6 26. Nd5 f5 27. Nf1 Bg5 28. Nh2 Rf8 29. Re2 Be6 30. f3 Rf7 31. Ne3 Rbf8 32. Rf1 Qd8 33. Kf2 Bh4+ 34. Kg1 f4 35. Neg4 Kg7 36. Rd2 h5 37. Nf2 g5 38. Rb1 Rh8 39. Qd1 Rf6 40. Qe2 Rg6 41. Nhg4 hxg4 42. fxg4 Bxf2+ 43. Kxf2 f3 44. gxf3 Rxh3 45. Rg1 Qf6 46. Qe3 Rgh6 47. Ke1 Rxf3 0-1

[Event "Chigorin Memorial 25th"]
[Site "St Petersburg"]
[Date "2017.10.25"]
[Round "5"]
[White "Pogorelskikh, Sofia"]
[Black "Kamnev, Alexander"]
[Result "1/2-1/2"]
[WhiteElo "1959"]
[BlackElo "2132"]
[PlyCount "94"]
[EventDate "2017.10.21"]
[EventType "swiss"]
[EventRounds "9"]
[EventCountry "RUS"]
[SourceTitle "CBM 181 Extra"]
[Source "ChessBase"]
[SourceDate "2017.12.12"]
[SourceVersion "1"]
[SourceVersionDate "2017.12.12"]
[SourceQuality "1"]

1. e4 c5 2. Nf3 d6 3. d4 cxd4 4. Nxd4 Nf6 5. Nc3 a6 6. Bg5 e6 7. f4 Be7 8. Qf3 Qc7 9. 0-0-0 Nbd7 10. Bd3 h6 11. Bh4 Nc5 12. Rhe1 Nfxe4 13. Nxe4 Bxh4 14. Nxd6+ Qxd6 15. Nf5 Qxf4+ 16. Qxf4 Bg5 17. Nxg7+ Kf8 18. Nh5 Bxf4+ 19. Nxf4 Bd7 20. Rf1 Ke7 21. Be2 Bc6 22. Bh5 Nd7 23. Rf2 Ne5 24. Rdf1 f6 25. b3 Rad8 26. Re1 Rhg8 27. a4 Rd6 28. Rfe2 Rgd8 29. h3 Rg8 30. Kb2 Rgd8 31. Kc1 Rg8 32. Kb2 Rg5 33. Kc1 Rd4 34. h4 Rg8 35. Rf2 Rgd8 36. g3 Rg8 37. Re3 Re4 38. Rfe2 Rxe3 39. Rxe3 Rd8 40. Ng6+ Nxg6 41. Bxg6 e5 42. Be4 Bxe4 43. Rxe4 Ke6 44. Rb4 Rd7 45. g4 h5 46. Rb6+ Kf7 47. g5 fxg5 1/2-1/2

[Event "Chigorin Memorial 25th"]
[Site "St Petersburg"]
[Date "2017.10.23"]
[Round "3"]
[White "Fedorov, Ivan"]
[Black "Kamnev, Alexander"]
[Result "0-1"]
[WhiteElo "1745"]
[BlackElo "2132"]
[PlyCount "78"]
[EventDate "2017.10.21"]
[EventType "swiss"]
[EventRounds "9"]
[EventCountry "RUS"]
[SourceTitle "CBM 181 Extra"]
[Source "ChessBase"]
[SourceDate "2017.12.12"]
[SourceVersion "1"]
[SourceVersionDate "2017.12.12"]
[SourceQuality "1"]

1. d4 d5 2. Nd2 Nf6 3. g3 e6 4. Bg2 c5 5. Ngf3 Nc6 6. 0-0 cxd4 7. Nb3 e5 8. Ne1 Be7 9. f4 e4 10. h3 h5 11. Nxd4 Bc5 12. c3 Bxd4+ 13. cxd4 Ne7 14. f5 Nxf5 15. Bf4 Qb6 16. e3 Bd7 17. Rf2 Rc8 18. Bf1 Rc6 19. Rc1 Rxc1 20. Qxc1 0-0 21. Qd1 Rc8 22. g4 hxg4 23. hxg4 Nxe3 24. Bxe3 Nxg4 25. Re2 Nxe3 26. Rxe3 Qxb2 27. Re2 Qc3 28. Rh2 g6 29. Kh1 Qg3 30. Rg2 Qe3 31. Nc2 Qc3 32. Ne1 Qc1 33. Qe2 Qa1 34. Rg1 Qxd4 35. Rg3 a6 36. Kh2 Rc1 37. Nc2 Qh8+ 38. Bh3 Bxh3 39. Rxh3 Qb2 0-1

[Event "Chigorin Memorial 25th"]
[Site "St Petersburg"]
[Date "2017.10.21"]
[Round "1"]
[White "Alekseev, Evgeny V"]
[Black "Kamnev, Alexander"]
[Result "1-0"]
[WhiteElo "2622"]
[BlackElo "2132"]
[PlyCount "55"]
[EventDate "2017.10.21"]
[EventType "swiss"]
[EventRounds "9"]
[EventCountry "RUS"]
[SourceTitle "CBM 181 Extra"]
[Source "ChessBase"]
[SourceDate "2017.12.12"]
[SourceVersion "1"]
[SourceVersionDate "2017.12.12"]
[SourceQuality "1"]

1. d4 d5 2. Bf4 Nf6 3. e3 e6 4. Nd2 c5 5. c3 Nc6 6. Ngf3 h6 7. Bd3 Bd6 8. Bg3 Bxg3 9. hxg3 Qd6 10. Qe2 Bd7 11. Rd1 0-0-0 12. e4 dxe4 13. Nxe4 Nxe4 14. Bxe4 cxd4 15. Nxd4 Qe5 16. 0-0 Kb8 17. Qf3 Nxd4 18. cxd4 Qf6 19. Bxb7 Qxf3 20. Bxf3 Bb5 21. Rfe1 Bc4 22. Re5 Rd6 23. b3 Ba6 24. d5 Rhd8 25. Rd4 Bb7 26. Rf4 f6 27. Rxe6 Bxd5 28. Rxd6 1-0

[Event "Chigorin Memorial 23rd"]
[Site "St Petersburg"]
[Date "2015.10.10"]
[Round "8"]
[White "Kamnev, Alexander"]
[Black "Tsirulnik, Maritsa"]
[Result "0-1"]
[WhiteElo "1951"]
[BlackElo "2153"]
[PlyCount "110"]
[EventDate "2015.10.03"]
[EventType "swiss"]
[EventRounds "9"]
[EventCountry "RUS"]
[SourceTitle "CBM 168 Extra"]
[Source "ChessBase"]
[SourceDate "2015.10.29"]
[SourceVersion "1"]
[SourceVersionDate "2015.10.29"]
[SourceQuality "1"]

1. e4 c5 2. Nf3 e6 3. d4 cxd4 4. Nxd4 a6 5. Bd3 Nf6 6. c4 Qc7 7. Qe2 d6 8. 0-0 Nbd7 9. Nc3 Be7 10. f4 0-0 11. Nf3 Rd8 12. Kh1 Nf8 13. Bd2 b6 14. Rae1 Bb7 15. f5 exf5 16. Nd5 Nxd5 17. exd5 Bf6 18. Bxf5 h6 19. b3 b5 20. Qd3 bxc4 21. bxc4 Nd7 22. Bxd7 Rxd7 23. Qf5 Re7 24. Rxe7 Qxe7 25. Qg4 Bc8 26. Qg3 Bf5 27. Bxh6 Qe2 28. Re1 Qxc4 29. Qxd6 Rd8 30. Qf4 Qxf4 31. Bxf4 Rxd5 32. Bg5 Bc3 33. Re8+ Kh7 34. h3 Rd1+ 35. Kh2 Ra1 36. Re7 Be6 37. Bf4 Bxa2 38. Rc7 Bf6 39. Ne5 Bd5 40. Rd7 Be6 41. Ra7 Ra4 42. Bg3 Ra2 43. Nd3 Bd5 44. Nb4 Rxg2+ 45. Kh1 Rxg3+ 46. Nxd5 Rxh3+ 47. Kg2 Ra3 48. Rxf7 Kg6 49. Ra7 Kf5 50. Ra8 Kg4 51. Rb8 a5 52. Rb6 Ra2+ 53. Kf1 Bd4 54. Rb3 Rf2+ 55. Ke1 Rf5 0-1

[Event "EU-ch U14 23rd"]
[Site "Budva"]
[Date "2013.10.07"]
[Round "8"]
[White "Grela, Kacper"]
[Black "Kamnev, Alexander"]
[Result "1/2-1/2"]
[WhiteElo "2024"]
[BlackElo "1876"]
[PlyCount "91"]
[EventDate "2013.09.29"]
[EventType "swiss"]
[EventRounds "9"]
[EventCountry "MNE"]
[SourceTitle "EXT 2014"]
[Source "ChessBase"]
[SourceDate "2013.11.20"]
[SourceVersion "1"]
[SourceVersionDate "2013.11.20"]
[SourceQuality "1"]

1. e4 c5 2. Nf3 d6 3. d4 cxd4 4. Nxd4 Nf6 5. Nc3 a6 6. f4 e5 7. Nf3 Nbd7 8. a4 Be7 9. Bd3 0-0 10. 0-0 exf4 11. Kh1 Nh5 12. Nd4 Ndf6 13. Be2 g6 14. Nf5 Be6 15. Bxh5 Nxh5 16. Nxe7+ Qxe7 17. Bxf4 Nxf4 18. Rxf4 Rad8 19. Qd2 Qg5 20. Rf2 Qc5 21. Rd1 Rfe8 22. Rf4 Qg5 23. Rf3 Qxd2 24. Rxd2 d5 25. Rfd3 Kg7 26. Kg1 d4 27. Rxd4 Rxd4 28. Rxd4 Kf6 29. Kf2 Ke5 30. Rb4 Re7 31. Ne2 Rc7 32. Kf3 Rxc2 33. Rxb7 f5 34. Ke3 fxe4 35. Re7 Rxb2 36. Nd4 Rb6 37. Rxe6+ Rxe6 38. Nxe6 Kxe6 39. Kxe4 Kd6 40. Kd4 h6 41. h4 h5 42. g3 a5 43. Kc4 Kc6 44. Kd4 Kd6 45. Kc4 Kc6 46. Kd4 1/2-1/2

[Event "Chigorin Memorial 20th"]
[Site "St Petersburg"]
[Date "2012.10.27"]
[Round "1"]
[White "Kamnev, Alexander"]
[Black "Sichinava, Zviad"]
[Result "1-0"]
[WhiteElo "1885"]
[BlackElo "2339"]
[PlyCount "39"]
[EventDate "2012.10.27"]
[EventType "swiss"]
[EventRounds "9"]
[EventCountry "RUS"]
[SourceTitle "EXT 2013"]
[Source "ChessBase"]
[SourceDate "2012.11.22"]
[SourceVersion "1"]
[SourceVersionDate "2012.11.22"]
[SourceQuality "1"]

1. e4 e6 2. d4 d5 3. Nc3 Bb4 4. e5 c5 5. a3 Ba5 6. b4 cxd4 7. Qg4 Ne7 8. bxa5 dxc3 9. Qxg7 Rg8 10. Qxh7 Nbc6 11. Nf3 Qc7 12. Bf4 Bd7 13. a6 b6 14. Bg3 0-0-0 15. Bd3 Rh8 16. Qg7 Rdg8 17. Qf6 d4 18. Qf4 Nf5 19. Bxf5 exf5 20. e6 1-0

[Event "St Petersburg Spring op"]
[Site "St Petersburg"]
[Date "2012.03.29"]
[Round "8"]
[White "Kamnev, Alexander"]
[Black "Kharlamov, Igor1"]
[Result "0-1"]
[WhiteElo "1847"]
[BlackElo "1967"]
[PlyCount "60"]
[EventDate "2012.03.22"]
[EventType "swiss"]
[EventRounds "9"]
[EventCountry "RUS"]
[SourceTitle "EXT 2013"]
[Source "ChessBase"]
[SourceDate "2012.11.22"]
[SourceVersion "1"]
[SourceVersionDate "2012.11.22"]
[SourceQuality "1"]

1. e4 e5 2. Nf3 Nc6 3. Bc4 Nf6 4. d3 Bc5 5. 0-0 0-0 6. c3 d5 7. exd5 Nxd5 8. Re1 Nb6 9. Bb5 f6 10. Nbd2 Bg4 11. h3 Bh5 12. Ne4 Be7 13. Ng3 Bf7 14. Bxc6 bxc6 15. d4 exd4 16. Nxd4 Qd7 17. Qg4 Qxg4 18. hxg4 Bd6 19. Ngf5 c5 20. Nb5 Rfd8 21. b3 Nd5 22. Bd2 Be5 23. Rac1 a6 24. Na3 Nf4 25. Bxf4 Bxf4 26. Rcd1 Bd2 27. Re7 Bxc3 28. Rxd8+ Rxd8 29. Rxc7 Rd1+ 30. Kh2 Be5+ 0-1